| 000 | 00392cam a22001097a 4500 | ||
|---|---|---|---|
| 008 | 180718b1963 xxu||||| |||| 00| 0 eng d | ||
| 082 | _aXAx73 Un3b | ||
| 245 |
_aBetter housing for the future: a report _cby Executive Office of the President, United States |
||
| 260 |
_aWashington _bGovernment Printing Office _c1963 |
||
| 300 | _a15p. | ||
| 700 | _aUnited States. Executive Office of the President | ||
| 999 |
_c498841 _d498841 |
||